Cezhraničná sieť vo vzdelávaní dospelých

Stručná charakteristika projektu "Cezhraničná sieť vo vzdelávaní dospelých". Hlavné ciele projektu. Realizácia projektu v troch implementačných rovinách. Stručná charakteristika implementačných rovín: "InfoNet", "PartnershipNet", "ActivityNet". Nový projekt - "CBCnet - európske zahraničné spolup...

Descrizione completa

Salvato in:
Dettagli Bibliografici
Autore principale: Kopaničáková, Renata
Natura: Capitolo di libro
Lingua:slovacco
Soggetti:
Tags: Aggiungi Tag
Nessun Tag, puoi essere il primo ad aggiungerne!!

MARC

LEADER 00000naa$a2200000$$$4500
001 0003113
005 20230918124418.2
041 0 |a slo 
044 |a SK 
245 1 0 |a Cezhraničná sieť vo vzdelávaní dospelých  |c aut. Renata Kopaničáková 
520 |a Stručná charakteristika projektu "Cezhraničná sieť vo vzdelávaní dospelých". Hlavné ciele projektu. Realizácia projektu v troch implementačných rovinách. Stručná charakteristika implementačných rovín: "InfoNet", "PartnershipNet", "ActivityNet". Nový projekt - "CBCnet - európske zahraničné spolupráce vo vzdelávaní dospelých". 
610 2 0 |a vzdelávanie dospelých 
610 2 0 |a projekty 
610 2 0 |a Slovensko 
610 2 0 |a Rakúsko 
610 2 0 |a spolupráca medzinárodná 
610 2 0 |a programy rozvojové 
610 2 0 |a inštitúcia 
610 2 0 |a Phare 
610 2 0 |a Socrates 
100 1 |a Kopaničáková, Renata